00391nam a2200145Ia 4500008004100000020001500041041001200056082001600068100002100084245005300105260004800158300000800206650001500214700001600229221030s9999 xx 000 0 und d a8122401899 aEnglish a105.23bSri aU. K. Srivastava 0aQuantitative Techniques For Managerial Decisions bNew Age International PubaNew Delhic2005 a941 aManagement aG.V. Shenoy